| 000 | 01354nam a2200349 i 4500 | ||
|---|---|---|---|
| 001 | 27018 | ||
| 003 | KOSZ 005 | ||
| 005 | 20240405063042.0 | ||
| 008 | 170704s1976 pl a g 001 0 pol | ||
| 015 | _aPB 1977/33 | ||
| 040 |
_aWA N _cKOSZ 005/RW _dKOSZ 005/RW |
||
| 080 | _a355.48(438:430):943.8::323.2(438):92 | ||
| 100 | 1 |
_aŁubieński, Konstanty _d(1910-1977). _eAutor. |
|
| 245 | 1 | 0 |
_aKartki z wojny / _cKonstanty Łubieński. |
| 260 |
_aWarszawa : _bOśrodek Dokumentacji i Studiów Społecznych, _c1976. |
||
| 300 |
_a212, [3] s., [6] k. tabl. : _bil. ; _c20 cm. |
||
| 336 |
_aTekst _btxt _2rdacontent |
||
| 337 |
_aBez urządzenia pośredniczącego _bn _2rdamedia |
||
| 338 |
_aWolumin _bnc _2rdacarrier |
||
| 380 | _aKsiążki. | ||
| 500 | _aNa s. tyt. również pseudonimy wojenne aut.: "Zbigniew", "Ignacy", "Marcin", "Sosna". | ||
| 504 | _aIndeks. | ||
| 600 | 1 | 4 |
_aŁubieński, Konstanty _d(1910-1977) |
| 610 | 2 | 4 | _aArmia Krajowa (AK) |
| 650 | 4 | _aWojsko Polskie (1939-1945) | |
| 655 | 4 |
_aPamiętniki polskie _y1939-1945 r. |
|
| 648 | 4 | _a1901-2000 | |
| 648 | 4 | _a1939-1945 | |
| 710 | 2 |
_aOśrodek Dokumentacji i Studiów Społecznych _4pbl. |
|
| 856 |
_uhttp://koha.tu.koszalin.pl/cgi-bin/koha/opac-detail.pl?biblionumber=27018 _yKatalog online BPK |
||
| 942 |
_2UKD _cKS |
||
| 999 |
_c27018 _d27018 |
||